| 000 -CABECERA |
| Longitud fija campo de control |
00936nam a22002177a 4500 |
| 003 - IDENTIFICADOR DEL NÚMERO DE CONTROL |
| Identificador del número de control |
OSt |
| 005 - FECHA Y HORA DE LA ÚLTIMA TRANSACCIÓN |
| Fecha y hora de la última transacción |
20130531134244.0 |
| 008 - CÓDIGOS DE INFORMACIÓN DE LONGITUD FIJA |
| Códigos de información de longitud fija |
130531s2000 sp ||||| |||| 00| 0 spa d |
| 020 ## - NÚMERO INTERNACIONAL NORMALIZADO PARA LIBROS |
| Número Internacional Normalizado para Libros (ISBN) |
8484090647 |
| 040 ## - FUENTE DE LA CATALOGACIÓN |
| Centro transcriptor |
CDMR |
| 100 1# - PUNTO DE ACCESO PRINCIPAL-NOMBRE DE PERSONA |
| 9 (RLIN) |
1879 |
| Nombre de persona |
Roy, Joaquín |
| 245 10 - MENCIÓN DE TÍTULO |
| Título |
Periodismo y ensayo |
| Resto del título |
: de Colón al "Boom" : aspectos teóricos y prácticos de una relación intergenérica [...] |
| Mención de responsabilidad, etc. |
Joaquín Roy |
| 260 ## - PUBLICACIÓN, DISTRIBUCIÓN, ETC. (PIE DE IMPRENTA) |
| Lugar de publicación, distribución, etc. |
Lleida |
| Nombre del editor, distribuidor, etc. |
Edicions de la Universitat de Lleida |
| Fecha de publicación, distribución, etc. |
DL 2000 |
| 300 ## - DESCRIPCIÓN FÍSICA |
| Extensión |
193 p. |
| 490 0# - MENCIÓN DE SERIE |
| Mención de serie |
Ensayos / Scriptura |
| Designación de volumen o secuencia |
10 |
| 500 ## - NOTA GENERAL |
| Nota general |
Títol complet - Periodismo y ensayo: de Colón al "Boom". Aspectos teóricos y prácticos de una relación intergenérica. Cartas y crónicas. José Martí, Octavio Paz, Camilo José Cela, Mario Vargas Llosa, Carlos Fuentes. |
| 650 04 - PUNTO DE ACCESO ADICIONAL DE MATERIA - TÉRMINO DE MATERIA |
| 9 (RLIN) |
3088 |
| Término de materia o nombre geográfico como elemento inicial |
Periodisme i literatura |
| Subdivisión de forma |
Recull d'escrits |
| 650 04 - PUNTO DE ACCESO ADICIONAL DE MATERIA - TÉRMINO DE MATERIA |
| 9 (RLIN) |
3625 |
| Término de materia o nombre geográfico como elemento inicial |
Diaris |
| Subdivisión de forma |
Seccions, columnes, etc |
| Subdivisión de materia general |
Opinió |
| 650 04 - PUNTO DE ACCESO ADICIONAL DE MATERIA - TÉRMINO DE MATERIA |
| 9 (RLIN) |
3628 |
| Término de materia o nombre geográfico como elemento inicial |
Assaig |
| 942 ## - ENTRADA DE ELEMENTOS AGREGADOS (KOHA) |
| Fuente de clasificaión o esquema |
|
| Koha [por defecto] tipo de item |
Monografies |